Souffle de la langue (Le) - Voies et destins des parlers d'Europe (Record n. 88086)

Dettagli MARC
000 -LEADER
fixed length control field 01493nam a2200289Ia 4500
001 - CONTROL NUMBER
control field D4267
003 - CONTROL NUMBER IDENTIFIER
control field IT-RoPAU
008 - FIXED-LENGTH DATA ELEMENTS--GENERAL INFORMATION
fixed length control field 130308s9999 xx 000 0 und d
040 ## - CATALOGING SOURCE
Original cataloging agency IT-RoPAU
040 ## - CATALOGING SOURCE
Transcribing agency IT-RoPAU
041 ## - LANGUAGE CODE
Language code of text/sound track or separate title FRANCESE
100 ## - MAIN ENTRY--PERSONAL NAME
Personal name Hagege Claude
100 ## - MAIN ENTRY--PERSONAL NAME
Miscellaneous information Codice Aut. SPICS: 15298
245 ## - TITLE STATEMENT
Title Souffle de la langue (Le) - Voies et destins des parlers d'Europe
245 ## - TITLE STATEMENT
Remainder of title Souffle de la Langue (Le) - Voies et Destins des Parlers D'Europe
250 ## - EDITION STATEMENT
Edition statement 1a ed.
260 ## - PUBLICATION, DISTRIBUTION, ETC. (IMPRINT)
Place of publication, distribution, etc. PARIS
260 ## - PUBLICATION, DISTRIBUTION, ETC. (IMPRINT)
Name of publisher, distributor, etc. Odile Jacob
260 ## - PUBLICATION, DISTRIBUTION, ETC. (IMPRINT)
Date of publication, distribution, etc. 1992 [1° Ed.:1992 - Ed.Ling.Originale:1992]
300 ## - PHYSICAL DESCRIPTION
Extent "298 p. (prefazione: no ; testo: 298)"
500 ## - GENERAL NOTE
General note Soffio della Lingua: vie e Destini delle Lingue Europee. Lingue Federatrici: Lingua nazionali e Lingue Comuni, Latino Pilastro dell'Europa Occidentale. Europa e la Lingua Inglese. Lingua tedesca e L'Appello dell'Est, per I Giudei D'Europa Il Tedesco Come Patria e vocazione Mondiale. Lingua Francesee vocazione multipla tra la nostalgia del Passato e del Futuro, Universo Francofano e L'Europa. ricchezza e intrecci degli Idiomi Europei: Tentazioneinfinita delle Varietà Sonore, codici Ingarbugliati. Lingue D'Europa e Sfida Nazionalista: intervento Umano Sul Destino delle Lingue, Lingua Crea Lanazione e la nazione Crea la Lingua. Cittadelle di Vocaboli. Bibliografia.Cartine Geolinguistiche.
650 ## - SUBJECT ADDED ENTRY--TOPICAL TERM
Topical term or geographic name as entry element SAGGI DI LINGUISTICA
650 ## - SUBJECT ADDED ENTRY--TOPICAL TERM
Relator term Codice materia Spics: 3207
942 ## - ADDED ENTRY ELEMENTS (KOHA)
Koha item type LIBRO
957 ## -
-- 1
999 ## - SYSTEM CONTROL NUMBERS (KOHA)
-- 1
Dati di copia
Withdrawn status Lost status Damaged status Not for loan Home library Current library Date acquired Total Checkouts Full call number Date last seen Price effective from Koha item type Public note
    Buone Condizioni Not For Loan SPICS-MEDIATECA SPICS-MEDIATECA 08/03/2013   D4267 08/03/2013 08/03/2013 LIBRO Progressivo inserimento: 4556 / N. Volumi: 1 Copie: 1 / data import: 1 marzo 2013 - By Epidotti, Trombetti, Vaglietti.
CREDITS: SOCIETA' SAN PAOLO Via A.Severo, 58 - ROMA (RM) & PERIODICI SAN PAOLO SRL Via Giotto, 36 MILANO & CISF Via Giotto, 36 MILANO & EDIZIONI SAN PAOLO SRL,  Piazza Soncino, 5 CINISELLO BALSAMO (MI) -- ITALY